Science Quiz

Random Science or Animal Quiz

Round Animals Quiz Stats

 Plays Quiz Updated Nov 5, 2019

Score 0/20 Timer 04:00
12 Plays Today
% Correct
Cat
99.3%
Rabbit
97.3%
Fox
97%
Duck
95.9%
Dog
95%
Raccoon
94.9%
Owl
94.9%
Seal
94.8%
Pufferfish
94.1%
Hedgehog
88.7%
% Correct
Armadillo
85.9%
Beaver
81.7%
Alpaca
72.5%
Hamster
72.1%
Kiwi
70.7%
Guinea pig
69.5%
Hummingbird
62.4%
Chinchilla
61.4%
Honduran White Bat
60.7%
Elephant Shrew
32.6%

You're not logged in!

Compare scores with friends on all Sporcle quizzes.
OR
Log In

Sporcle TV

Today on Sporcle TV


Watch our educational content, quiz creation guides, and fun videos on Sporcle TV.

Show Comments

Extras

Top Quizzes Today


Score Distribution

Your Account Isn't Verified!

In order to create a playlist on Sporcle, you need to verify the email address you used during registration. Go to your Sporcle Settings to finish the process.

Report this User

Report this user for behavior that violates our Community Guidelines.

Details: